| 000 | 01033nam0a22002891 4500 | ||
|---|---|---|---|
| 001 | RU\INFOCOMM_327\NLR\5000017452 | ||
| 005 | 20250810064152.0 | ||
| 035 | _a(NLR Aleph) 009492127 | ||
| 090 |
_a8655577 _c8655577 |
||
| 100 | _a20121217d1944 u y0rusy50 ca | ||
| 101 | 0 | _ager | |
| 102 | _aRU | ||
| 105 | _ay z ||||| | ||
| 200 | 1 |
_aVier Jahre im Geheimdienst _e(1914-1918) _fL. Lacaze |
|
| 210 |
_aMoskau _cVerlag für fremdsprachige Literatur _d1944 |
||
| 215 |
_a156 с. _d16 см |
||
| 300 | _aНа 4-й с. обл.: Л. Лаказ. Четыре года разведывательной работы | ||
| 606 | 0 |
_aМировая война _xФранцузские шпионаж и контр-разведка _z1914-1918 _2nlr_sh1 |
|
| 620 | _aМосква | ||
| 700 | 1 |
_aLacaze _bL. |
|
| 801 | 1 |
_aRU _bInfocomm _c20121217 |
|
| 801 | 0 |
_aRU _bINFOCOMM _gPSBO |
|
| 852 |
_aNLR _jИ.25 Г-1/4 _y2 экз. |
||
| 942 | _cBOOK | ||
| 945 | _aРоссийская национальная библиотека | ||
| 980 | _aNB | ||
| 980 | _aBV | ||